ՀՀ Գիտությունների ազգային ակադեմիայի հիմնարար գիտական գրադարան  =   Fundamental Scientific Library of NAS RA

Минеральный состав и геохимические особенности четвертичных отложений Центральной Якутии / (Record no. 267419)

MARC details
000 -LEADER
fixed length control field 01125nam a2200229 a 4500
001 - CONTROL NUMBER
control field 000723722
003 - CONTROL NUMBER IDENTIFIER
control field AM-YeHGA
005 - DATE AND TIME OF LATEST TRANSACTION
control field 20250617142957.0
008 - FIXED-LENGTH DATA ELEMENTS--GENERAL INFORMATION
fixed length control field 100325s1985 ||| r 000 0 rus d
040 ## - CATALOGING SOURCE
Original cataloging agency AM-YeHGA
041 0# - LANGUAGE CODE
Language code of text/sound track or separate title rus
090 ## - LOCALLY ASSIGNED LC-TYPE CALL NUMBER (OCLC); LOCAL CALL NUMBER (RLIN)
-- 269054
100 1# - MAIN ENTRY--PERSONAL NAME
Personal name Усков, Михаил Николаевич
245 10 - TITLE STATEMENT
Title Минеральный состав и геохимические особенности четвертичных отложений Центральной Якутии /
Statement of responsibility, etc. М.Н. Усков; АН СССР, Сиб. отд-ние, Якут. фил., Ин-т горн. дела Севера.
260 ## - PUBLICATION, DISTRIBUTION, ETC.
Place of publication, distribution, etc. Якутск :
Name of publisher, distributor, etc. ЯФ СО АН СССР,
Date of publication, distribution, etc. 1985.
300 ## - PHYSICAL DESCRIPTION
Extent 107 с. :
Other physical details ил.
504 ## - BIBLIOGRAPHY, ETC. NOTE
Bibliography, etc. note Библиогр.: с. 103-106
653 0# - INDEX TERM--UNCONTROLLED
Uncontrolled term Минералогия - Якут. АССР
653 0# - INDEX TERM--UNCONTROLLED
Uncontrolled term Четвертичные отложения - Геохимия - Якут. АССР
710 2# - ADDED ENTRY--CORPORATE NAME
Corporate name or jurisdiction name as entry element Академия наук СССР
Subordinate unit Сибирское отделение
Location of meeting Якутский филиал
710 2# - ADDED ENTRY--CORPORATE NAME
Corporate name or jurisdiction name as entry element Инcтитут горного дела Севера АН СССР
Holdings
Withdrawn status Lost status Damaged status Not for loan Collection Home library Current library Date acquired Total checkouts Full call number Barcode Date last seen Price effective from Koha item type Public note
        General Fundamental Scientific Library Fundamental Scientific Library 29/12/2016   PII/543794 FL0151288 29/12/2016 29/12/2016 Գրքեր / Books 30 Days Loan


ՀՀ ԳԱԱ հիմնարար գիտական գրադարան
ՀՀ,Երևան 0019
Մարշալ Բաղրամյան 24/6
հեռախոս:(374-10) 52-47-50
Հետադարձ կապ

All site content, except where otherwise noted, is licensed under a
Creative Commons License